| 000 | 00909nam a22002778a 4500 | ||
|---|---|---|---|
| 001 | 016233971 | ||
| 003 | Uk | ||
| 005 | 20130925120309.0 | ||
| 008 | 121213s2013 enk 001 0 eng|d | ||
| 020 | _a1446256561 | ||
| 020 | _a9781446256558 (hbk.) : | ||
| 020 | _a9781446256565 (pbk.) : | ||
| 082 | 0 | 4 |
_a001.4220285 _223 _bBAZ |
| 100 |
_aBazeley, Patricia. _933740 |
||
| 245 | 0 | 0 |
_aQualitative data analysis with NVivo. _cby Patricia Bazeley; Kristi Jackson |
| 250 |
_a2nd ed. / _bedited by Pat Bazeley, Kristi Jackson. |
||
| 260 |
_aLondon : _bSAGE, _c2013. |
||
| 263 | _a201304 | ||
| 300 |
_axviii, 307 pages ; _c25 cm. |
||
| 500 | _aPrevious ed.: published as by Pat Bazeley. 2007. | ||
| 504 | _aIncludes bibliographical references and index. | ||
| 650 | 0 |
_aQualitative research _xData processing. _933739 |
|
| 653 |
_bBus _cSeptember2013 |
||
| 700 | 1 |
_aJackson, Kristi. _933741 |
|
| 942 |
_2ddc _cBB |
||
| 999 |
_c17549 _d17521 |
||